Statistics for Name a City - Places #2

Click here to take the quiz!

General Stats

  • This quiz has been taken 85 times
  • The average score is 12 of 18

Answer Stats

Place Cities % Correct
FranceMarseille | Lyon | Toulouse | Nice | Nantes
100%
TexasSan Antonio | Dallas | Fort Worth | El Paso | Arlington
96%
BrazilRio de Janeiro | Salvador | Fortaleza | Belo Horizonte | Manaus
93%
ScotlandAberdeen | Dundee | Paisley | East Kilbride | Livingston
92%
KoreaBusan | Incheon | Pyongyang | Daegu | Daejeon
83%
ColombiaMedellin | Cali | Barranquilla | Cartagena | Cucuta
83%
PennsylvaniaPittsburgh | Allentown | Erie | Reading | Scranton
75%
OntarioOttawa | Mississauga | Brampton | Hamilton | London
74%
NigeriaKano | Ibadan | Kaduna | Benin City | Port Harcourt
64%
Italian islandsCatania | Venice | Messina | Cagliari | Sassari
61%
AfghanistanHerat | Kandahar | Mazar-i-Sharif | Jalalabad | Kunduz
58%
SerbiaNovi Sad | Nis | Kragujevac | Subotica | Zrenjanin
58%
CubaSantiago de Cuba | Camaguey | Holguin | Santa Clara | Guantanamo
51%
SiberiaYekaterinburg | Chelyabinsk | Omsk | Krasnoyarsk | Tyumen
50%
QueenslandGold Coast | Logan | Ipswich | Townsville | Redland
47%
BavariaNuremberg | Augsburg | Regensburg | Ingolstadt | Wurzburg
47%
New MexicoLas Cruces | Rio Rancho | Roswell | Farmington | Clovis
41%
AlbertaRed Deer | Lethbridge | Airdrie | St. Albert | Grande Prairie
21%

Score Distribution

Percentile by Number Answered

Percent of People with Each Score

Your Score History

You have not taken this quiz